Missing Word: Side by Side by Sondheim Quiz Stats

 Plays Quiz not verified by Sporcle

Challenge
Share
Tweet
Embed
Score 0/24 Timer 03:00
0 Plays Today
clue answer % Correct
SHOWWest
99.9%
SHOWTodd
97.8%
SHOWAlong
95.1%
PERFORMERHarris
94.9%
SHOWWoods
93%
SHOWPark
92.6%
SHOWLittle
91.8%
SONGLove
91.7%
PERFORMERPeters
91.5%
PERFORMERAngela
90.8%
SONGClowns
90.8%
PERFORMERPatti
88.5%
clue answer % Correct
SHOWAnyone
85.4%
SONGLunch
80.3%
SONGAround
80.2%
SONGSooner
76.9%
PERFORMERPatinkin
74.1%
SONGTonight
72.5%
SHOWOvertures
70.1%
SONGPutting
59.3%
PERFORMERLen
57.9%
PERFORMERVictor
54.2%
PERFORMERRobert
28%
SONGForget
25.6%

You're not logged in!

Compare scores with friends on all Sporcle quizzes.
Join for Free
OR
Log In

You Might Also Like...

Show Comments

Extras

Top Quizzes Today


Score Distribution

Your Account Isn't Verified!

In order to create a playlist on Sporcle, you need to verify the email address you used during registration. Go to your Sporcle Settings to finish the process.

Report this User

Report this user for behavior that violates our Community Guidelines.

Details: